书目信息 |
| 题名: |
英才是父母炼成的 22位成功父母对我们的家
|
|
| 作者: | 晨辉 编著 | |
| 分册: | ||
| 出版信息: | 哈尔滨 哈尔滨出版社 2007.08 |
|
| 页数: | 275页 | |
| 开本: | 20cm | |
| 丛书名: | ||
| 单 册: | ||
| 中图分类: | G78 | |
| 科图分类: | ||
| 主题词: | 教育--类型 | |
| 电子资源: | ||
| ISBN: | 978-7-80699-980-6 | |
| 000 | 00594nam0 2200217 45 | |
| 001 | 0960750378 | |
| 005 | 20091026165323.85 | |
| 010 | @a978-7-80699-980-6@dCNY27.00 | |
| 100 | @a20090515d2007 ekmy0 y0120 ea | |
| 102 | @aCN@b130000 | |
| 102 | @aCN@b230000 | |
| 105 | @ay z 000yy | |
| 200 | 1 | @a英才是父母炼成的 22位成功父母对我们的家@f晨辉编著@Fchen hui bian zhu |
| 210 | @a哈尔滨@c哈尔滨出版社@d2007.08 | |
| 215 | @a275页@d20cm | |
| 606 | 0 | @a教育@x类型 |
| 690 | @aG78@v4 | |
| 701 | 0 | @a晨辉@Achen hui@4编著 |
| 801 | 0 | @aCN@c20091026 |
| 905 | @a10447@dG78@eC6712 | |
| 906 | @d27@n2@r1 | |
| 英才是父母炼成的 22位成功父母对我们的家/晨辉编著.-哈尔滨:哈尔滨出版社,2007.08 |
| 275页;20cm |
| ISBN 978-7-80699-980-6:CNY27.00 |
| ● |
| 相关链接 |
|
|
|
正题名:英才是父母炼成的 22位成功父母对我们的家
索取号:G78/C6712
 
预约/预借
| 序号 | 登录号 | 条形码 | 馆藏地/架位号 | 状态 | 备注 |
| 1 | 655320 | 206553200 | 社科库409/409社科库 16排4列5层/ [索取号:G78/C6712] | 在馆 | |
| 2 | 655321 | 206553219 | 社科库409/409社科库 16排4列5层/ [索取号:G78/C6712] | 在馆 |